Pletenie /

Hlavní autor: Pešková, Ludmila
Jazyk: Slovenština
Vydáno: Bratislava : Práca, 1974
Vydání: 2. vyd.
Edice: Praktické príručky Práce
Fyzický popis: 194 s.
Knihy
Uloženo v:
LEADER 00655nam a2200217 a 4500
001 000618010
003 CZ BrMZK
005 20020827072319.0
007 ta
008 020821s1974 xo f slo d
040 |a BOA001  |b cze  |c BOA001 
100 1 |a Pešková, Ludmila  |7 jk01092684  |4 aut 
245 1 0 |a Pletenie /  |c Ludmila Pešková 
250 |a 2. vyd. 
260 |a Bratislava :  |b Práca,  |c 1974 
300 |a 194 s. 
490 1 |a Praktické príručky Práce ;  |v zv. 1/74 
830 0 |a Praktické príručky Práce 
910 |a BOA001  |b 4-0735.954 
990 |a BK 
996 7 |b 2619224305  |c 4-0735.954  |l MZK  |r Sklad / do 1 hodiny  |n 2  |w 000618010  |u 000010  |a 1  |e BOA001  |j MZK50  |s A